[Event "Pavlodar Nikitin Memorial"]
[Site "Pavlodar"]
[Date "2017.01.19"]
[Round "8"]
[White "Buts, Nikita"]
[Black "Sapar, Emelbek"]
[Result "1/2-1/2"]
[WhiteElo "2330"]
[BlackElo "2337"]
[PlyCount "80"]
[EventDate "2017.01.12"]
[EventType "tourn"]
[EventRounds "9"]
[EventCountry "KAZ"]
[EventCategory "4"]
[SourceTitle "EXT 2018"]
[Source "ChessBase"]
[SourceDate "2017.10.13"]
[SourceVersion "1"]
[SourceVersionDate "2017.10.13"]
[SourceQuality "1"]

1. d4 Nf6 2. c4 e6 3. g3 d5 4. Nf3 Bb4+ 5. Bd2 Be7 6. Bg2 0-0 7. 0-0 c6 8. Qc2 b6 9. Rd1 Ba6 10. b3 Nbd7 11. a4 c5 12. a5 b5 13. dxc5 Nxc5 14. b4 Nce4 15. c5 Bb7 16. a6 Bc6 17. Nd4 Qd7 18. Nc3 Nxc3 19. Bxc3 Rfe8 20. e4 Nxe4 21. Bxe4 dxe4 22. Nf5 exf5 23. Rxd7 Bxd7 24. Qb2 Bf8 25. Qe2 Red8 26. Rd1 Bc6 27. Be5 Be7 28. Bc7 Rxd1+ 29. Qxd1 Rc8 30. Ba5 h6 31. Qd4 Re8 32. Qe5 e3 33. Qxe3 Bg5 34. Qc3 Re4 35. Kf1 Rc4 36. Qa3 Rc1+ 37. Ke2 Rc2+ 38. Ke1 Rc1+ 39. Ke2 Rc2+ 40. Ke1 Rc1+ 1/2-1/2

[Event "Pavlodar Nikitin Memorial"]
[Site "Pavlodar"]
[Date "2017.01.17"]
[Round "6"]
[White "Sapar, Emelbek"]
[Black "Tologontegin, Semetey"]
[Result "1/2-1/2"]
[WhiteElo "2337"]
[BlackElo "2419"]
[PlyCount "23"]
[EventDate "2017.01.12"]
[EventType "tourn"]
[EventRounds "9"]
[EventCountry "KAZ"]
[EventCategory "4"]
[SourceTitle "EXT 2018"]
[Source "ChessBase"]
[SourceDate "2017.10.13"]
[SourceVersion "1"]
[SourceVersionDate "2017.10.13"]
[SourceQuality "1"]

1. d4 d5 2. c4 c6 3. cxd5 cxd5 4. Nc3 Nf6 5. Bf4 Nc6 6. e3 a6 7. Bd3 Bg4 8. f3 Bh5 9. Nge2 e6 10. 0-0 Bd6 11. Rc1 Bg6 12. Bxd6 1/2-1/2

[Event "Pavlodar Nikitin Memorial"]
[Site "Pavlodar"]
[Date "2017.01.13"]
[Round "2"]
[White "Sapar, Emelbek"]
[Black "Egorov, Evgeni"]
[Result "1/2-1/2"]
[WhiteElo "2337"]
[BlackElo "2383"]
[PlyCount "60"]
[EventDate "2017.01.12"]
[EventType "tourn"]
[EventRounds "9"]
[EventCountry "KAZ"]
[EventCategory "4"]
[SourceTitle "EXT 2018"]
[Source "ChessBase"]
[SourceDate "2017.10.13"]
[SourceVersion "1"]
[SourceVersionDate "2017.10.13"]
[SourceQuality "1"]

1. d4 Nf6 2. c4 Nc6 3. Nf3 e6 4. Nc3 Bb4 5. Qc2 d6 6. a3 Bxc3+ 7. Qxc3 a5 8. b3 0-0 9. g3 e5 10. d5 Nb8 11. Bg2 Nbd7 12. Nd2 Qe7 13. e4 c6 14. 0-0 cxd5 15. cxd5 Nc5 16. b4 Na4 17. Qb3 axb4 18. axb4 b5 19. Ba3 Qa7 20. Qd3 Bd7 21. h3 Rfc8 22. Rfc1 h5 23. Nb3 h4 24. g4 Nh7 25. Rxc8+ Rxc8 26. Rc1 Rxc1+ 27. Bxc1 Qc7 28. Bd2 Nf8 29. Bf1 Ng6 30. Na5 Ne7 1/2-1/2

[Event "Pavlodar Nikitin Memorial"]
[Site "Pavlodar"]
[Date "2017.01.12"]
[Round "1"]
[White "Kazakov, Konstantin"]
[Black "Sapar, Emelbek"]
[Result "0-1"]
[WhiteElo "2332"]
[BlackElo "2337"]
[PlyCount "74"]
[EventDate "2017.01.12"]
[EventType "tourn"]
[EventRounds "9"]
[EventCountry "KAZ"]
[EventCategory "4"]
[SourceTitle "EXT 2018"]
[Source "ChessBase"]
[SourceDate "2017.10.13"]
[SourceVersion "1"]
[SourceVersionDate "2017.10.13"]
[SourceQuality "1"]

1. Nf3 Nf6 2. g3 d5 3. Bg2 e6 4. 0-0 Be7 5. c4 0-0 6. b3 b6 7. Bb2 Bb7 8. d4 dxc4 9. bxc4 c5 10. d5 exd5 11. Nh4 Qd7 12. cxd5 Nxd5 13. e4 Bf6 14. Qc1 Bxb2 15. Qxb2 Ne7 16. Nc3 Nbc6 17. Nb5 Rad8 18. a4 Qd2 19. Qb1 Ba6 20. Re1 Qb4 21. Qc1 Bxb5 22. axb5 Qxb5 23. e5 Nd4 24. Bf1 Qd7 25. Ra3 Ng6 26. Nxg6 hxg6 27. Rae3 Rfe8 28. h4 Qc8 29. Qb1 Qc6 30. Bg2 Qe6 31. Kh2 b5 32. Bh3 Qc6 33. Bg2 Qb6 34. Bh3 Ne6 35. h5 gxh5 36. Qf5 g6 37. Qf6 Rd7 0-1

[Event "Mendeleev Memorial 5th"]
[Site "Tiumen"]
[Date "2014.11.07"]
[Round "7"]
[White "Khanin, Semen"]
[Black "Sapar, Emelbek"]
[Result "1/2-1/2"]
[WhiteElo "2320"]
[BlackElo "2337"]
[PlyCount "83"]
[EventDate "2014.11.01"]
[EventType "tourn"]
[EventRounds "9"]
[EventCountry "RUS"]
[EventCategory "4"]
[SourceTitle "EXT 2015"]
[Source "ChessBase"]
[SourceDate "2014.11.20"]
[SourceVersion "1"]
[SourceVersionDate "2014.11.20"]
[SourceQuality "1"]

1. e4 e5 2. Nf3 Nc6 3. Bb5 a6 4. Ba4 Nf6 5. 0-0 Be7 6. Re1 b5 7. Bb3 d6 8. c3 0-0 9. h3 Nb8 10. d4 Nbd7 11. Nbd2 Bb7 12. Bc2 Re8 13. a4 Bf8 14. Bd3 c6 15. b3 g6 16. Bb2 Qb6 17. Qc2 Rad8 18. c4 bxa4 19. Rxa4 exd4 20. Bxd4 c5 21. Bc3 Qc6 22. Qb2 Nh5 23. Nf1 Nf4 24. Bc2 Qc8 25. Qc1 Ne6 26. Ne3 Bg7 27. Bxg7 Kxg7 28. Qb2+ f6 29. Nd5 Ne5 30. Re3 Nxf3+ 31. Rxf3 Nd4 32. Re3 Bxd5 33. cxd5 Qb7 34. Bd3 Qxb3 35. Qxb3 Nxb3 36. Rxa6 Re7 37. Re1 f5 38. Rb1 Nd2 39. Rbb6 Nxe4 40. Bxe4 Rxe4 41. Rxd6 Rxd6 42. Rxd6 1/2-1/2

[Event "Mendeleev Memorial 5th"]
[Site "Tiumen"]
[Date "2014.11.06"]
[Round "6"]
[White "Sapar, Emelbek"]
[Black "Fatkhutdinov, Gafiyat"]
[Result "1-0"]
[WhiteElo "2337"]
[BlackElo "2326"]
[PlyCount "107"]
[EventDate "2014.11.01"]
[EventType "tourn"]
[EventRounds "9"]
[EventCountry "RUS"]
[EventCategory "4"]
[SourceTitle "EXT 2015"]
[Source "ChessBase"]
[SourceDate "2014.11.20"]
[SourceVersion "1"]
[SourceVersionDate "2014.11.20"]
[SourceQuality "1"]

1. c4 f5 2. d4 Nf6 3. g3 g6 4. Bg2 Bg7 5. Nc3 d6 6. Nf3 0-0 7. 0-0 Nc6 8. d5 Ne5 9. Nxe5 dxe5 10. Qb3 a6 11. c5 Kh8 12. Rd1 Qe8 13. Qa3 Rb8 14. d6 exd6 15. cxd6 cxd6 16. Qxd6 Bd7 17. Bg5 Bc6 18. Bxc6 Qxc6 19. Qxc6 bxc6 20. b3 Rbd8 21. Rac1 h6 22. Bd2 Rd6 23. Be1 Rfd8 24. Rxd6 Rxd6 25. Na4 e4 26. Nc5 e3 27. f3 Nd5 28. Nxa6 Bb2 29. Rc2 Ba3 30. Nc5 Nc7 31. Bc3+ Kh7 32. Nd3 Nb5 33. Be5 Re6 34. Kf1 g5 35. Rc4 Kg6 36. Bc3 Kh7 37. Be5 Kg6 38. f4 Kf7 39. fxg5 hxg5 40. h4 gxh4 41. gxh4 Bd6 42. Bxd6 Nxd6 43. Rxc6 Ke7 44. Ne1 Kd7 45. Ra6 Re8 46. Kg2 Rh8 47. Kf3 Rxh4 48. Kxe3 Kc7 49. Nf3 Rh1 50. Kf4 Rc1 51. a4 Rd1 52. Ke5 Nb7 53. Nd4 Rf1 54. Rf6 1-0

[Event "Mendeleev Memorial 5th"]
[Site "Tiumen"]
[Date "2014.11.01"]
[Round "1"]
[White "Kotlyar, Kirill"]
[Black "Sapar, Emelbek"]
[Result "0-1"]
[WhiteElo "2311"]
[BlackElo "2337"]
[PlyCount "84"]
[EventDate "2014.11.01"]
[EventType "tourn"]
[EventRounds "9"]
[EventCountry "RUS"]
[EventCategory "4"]
[SourceTitle "EXT 2015"]
[Source "ChessBase"]
[SourceDate "2014.11.20"]
[SourceVersion "1"]
[SourceVersionDate "2014.11.20"]
[SourceQuality "1"]

1. d4 Nf6 2. c4 e6 3. Nf3 b6 4. g3 Bb7 5. Bg2 Be7 6. 0-0 0-0 7. Nc3 Ne4 8. Bd2 f5 9. d5 Bf6 10. Qc2 Bxc3 11. Bxc3 exd5 12. cxd5 Bxd5 13. Rfd1 c6 14. Be5 Na6 15. b4 Nxb4 16. Qb2 Qe7 17. Bxg7 Qxg7 18. Qxb4 Nc3 19. Re1 Nxe2+ 20. Kh1 Rae8 21. Nh4 Bxg2+ 22. Kxg2 Nd4 23. Qd6 Re6 24. Qf4 c5 25. Rad1 Qf7 26. a4 Rfe8 27. Rxe6 dxe6 28. Qd6 Qb7+ 29. Kh3 Qe7 30. Qe5 Qg7 31. Qe1 Qg4+ 32. Kg2 e5 33. h3 Qh5 34. a5 e4 35. Rb1 Re6 36. Qd2 h6 37. Qf4 Qf7 38. Qb8+ Re8 39. Qd6 Qe6 40. Qc7 e3 41. f3 e2 42. Re1 Nc2 0-1

[Event "Pavlodar Gold Product"]
[Site "Pavlodar"]
[Date "2014.10.19"]
[Round "7"]
[White "Sapar, Emelbek"]
[Black "Khlichkova, Tatiana"]
[Result "1/2-1/2"]
[WhiteElo "2331"]
[BlackElo "2230"]
[PlyCount "43"]
[EventDate "2014.10.13"]
[EventType "tourn"]
[EventRounds "9"]
[EventCountry "KAZ"]
[EventCategory "2"]
[SourceTitle "EXT 2018"]
[Source "ChessBase"]
[SourceDate "2017.10.13"]
[SourceVersion "1"]
[SourceVersionDate "2017.10.13"]
[SourceQuality "1"]

1. Nf3 d5 2. d4 Nf6 3. c4 c6 4. e3 Bg4 5. Nc3 e6 6. h3 Bh5 7. g4 Bg6 8. Ne5 Nbd7 9. Nxg6 hxg6 10. Bd2 Bd6 11. g5 Nh5 12. Qg4 a6 13. h4 0-0 14. 0-0-0 Bb4 15. a3 Bxc3 16. Bxc3 b5 17. c5 a5 18. f4 Qb8 19. Be1 Qa7 20. Rd3 Nb8 21. b3 Na6 22. Kb2 1/2-1/2

[Event "Pavlodar Gold Product"]
[Site "Pavlodar"]
[Date "2014.10.19"]
[Round "8"]
[White "Suleymenov, Alisher"]
[Black "Sapar, Emelbek"]
[Result "0-1"]
[WhiteElo "2098"]
[BlackElo "2331"]
[PlyCount "52"]
[EventDate "2014.10.13"]
[EventType "tourn"]
[EventRounds "9"]
[EventCountry "KAZ"]
[EventCategory "2"]
[SourceTitle "EXT 2018"]
[Source "ChessBase"]
[SourceDate "2017.10.13"]
[SourceVersion "1"]
[SourceVersionDate "2017.10.13"]
[SourceQuality "1"]

1. d4 f5 2. Nf3 Nf6 3. c4 e6 4. Nc3 Bb4 5. Qb3 a5 6. g3 b6 7. Bg2 Bb7 8. 0-0 Bxc3 9. Qxc3 0-0 10. b3 Be4 11. Bb2 Nc6 12. d5 exd5 13. cxd5 Bxd5 14. Rfd1 Ne7 15. Nd4 Bxg2 16. Kxg2 Nfd5 17. Qc4 c6 18. Nf3 Qe8 19. Qd4 Rf6 20. Rac1 h6 21. Rd2 Rd8 22. Ne5 Ng6 23. Nc4 Rb8 24. e3 Qe6 25. a3 Qe7 26. Kg1 Re6 0-1

[Event "Pavlodar Gold Product"]
[Site "Pavlodar"]
[Date "2014.10.16"]
[Round "4"]
[White "Khabibullin, Rinat"]
[Black "Sapar, Emelbek"]
[Result "1/2-1/2"]
[WhiteElo "2109"]
[BlackElo "2331"]
[PlyCount "114"]
[EventDate "2014.10.13"]
[EventType "tourn"]
[EventRounds "9"]
[EventCountry "KAZ"]
[EventCategory "2"]
[SourceTitle "EXT 2018"]
[Source "ChessBase"]
[SourceDate "2017.10.13"]
[SourceVersion "1"]
[SourceVersionDate "2017.10.13"]
[SourceQuality "1"]

1. e4 c5 2. Nf3 e6 3. d4 cxd4 4. Nxd4 a6 5. a3 Nf6 6. Nc3 d6 7. g3 b5 8. Bg2 Bb7 9. 0-0 Qc7 10. Re1 Be7 11. Bd2 0-0 12. a4 bxa4 13. Rxa4 Nbd7 14. b3 Rac8 15. Nb1 Nc5 16. Rc4 Qb8 17. f3 d5 18. exd5 Nxd5 19. Ba5 Qa7 20. Kh1 Nb6 21. Nf5 Bf6 22. Bxb6 Qxb6 23. Qd6 Qc7 24. Qxc7 Rxc7 25. Ne3 Rfc8 26. f4 Bxg2+ 27. Kxg2 h5 28. Nd2 a5 29. Nf3 Na6 30. Rxc7 Rxc7 31. Re2 Nb4 32. Rd2 Rc5 33. h3 Kf8 34. g4 hxg4 35. hxg4 Ke8 36. g5 Bb2 37. c4 Bc1 38. Re2 Nd3 39. Kg3 g6 40. Ne1 Nb4 41. Ng4 a4 42. Nf6+ Ke7 43. bxa4 Rxc4 44. Re4 Rxe4 45. Nxe4 Nc6 46. Nd3 Be3 47. Kf3 Bb6 48. Nec5 Kd6 49. Ne4+ Ke7 50. Nec5 e5 51. fxe5 Nxe5+ 52. Nxe5 Bxc5 53. a5 Ke6 54. Ke4 Bb4 55. a6 Bc5 56. Nc6 f6 57. gxf6 g5 1/2-1/2

[Event "Pavlodar Tokkata"]
[Site "Pavlodar"]
[Date "2014.06.24"]
[Round "8"]
[White "Bazilov, Arman"]
[Black "Sapar, Emelbek"]
[Result "1/2-1/2"]
[WhiteElo "2208"]
[BlackElo "2346"]
[PlyCount "25"]
[EventDate "2014.06.13"]
[EventType "tourn"]
[EventRounds "9"]
[EventCountry "KAZ"]
[EventCategory "1"]
[SourceTitle "EXT 2018"]
[Source "ChessBase"]
[SourceDate "2017.10.13"]
[SourceVersion "1"]
[SourceVersionDate "2017.10.13"]
[SourceQuality "1"]

1. d4 Nf6 2. c4 e6 3. Nc3 Bb4 4. e3 0-0 5. Nge2 d5 6. a3 Be7 7. Ng3 c5 8. dxc5 dxc4 9. Qxd8 Rxd8 10. Bxc4 Bxc5 11. b4 Be7 12. Bb2 b6 13. Ke2 1/2-1/2

[Event "KGZ-ch"]
[Site "Bishkek"]
[Date "2014.05.25"]
[Round "9"]
[White "Sapar, Emelbek"]
[Black "Kobenov, Omurbek"]
[Result "1/2-1/2"]
[WhiteElo "2346"]
[BlackElo "1600"]
[PlyCount "52"]
[EventDate "2014.05.17"]
[EventType "tourn"]
[EventRounds "11"]
[EventCountry "KGZ"]
[SourceTitle "EXT 2016"]
[Source "ChessBase"]
[SourceDate "2015.10.08"]
[SourceVersion "1"]
[SourceVersionDate "2015.10.08"]
[SourceQuality "1"]

1. e4 c6 2. d4 d5 3. Nd2 dxe4 4. Nxe4 Bf5 5. Ng3 Bg6 6. h4 h6 7. Nf3 Nd7 8. h5 Bh7 9. Bd3 Bxd3 10. Qxd3 Ngf6 11. Bd2 e6 12. 0-0-0 b5 13. Kb1 a5 14. Ne4 Nd5 15. Ne5 Nxe5 16. dxe5 Qb6 17. Qg3 0-0-0 18. Rhe1 b4 19. c4 bxc3 20. Nxc3 Nxc3+ 21. Bxc3 Bb4 22. Bxb4 Qxb4 23. Qxg7 Rxd1+ 24. Rxd1 Rd8 25. Rxd8+ Kxd8 26. Qg8+ Ke7 1/2-1/2

[Event "KGZ-ch"]
[Site "Bishkek"]
[Date "2014.05.24"]
[Round "8"]
[White "Kachiev, Eldar"]
[Black "Sapar, Emelbek"]
[Result "1/2-1/2"]
[WhiteElo "2025"]
[BlackElo "2346"]
[PlyCount "22"]
[EventDate "2014.05.17"]
[EventType "tourn"]
[EventRounds "11"]
[EventCountry "KGZ"]
[SourceTitle "EXT 2016"]
[Source "ChessBase"]
[SourceDate "2015.10.08"]
[SourceVersion "1"]
[SourceVersionDate "2015.10.08"]
[SourceQuality "1"]

1. e4 c5 2. Nf3 d6 3. d4 cxd4 4. Nxd4 Nf6 5. Nc3 a6 6. a4 Nc6 7. Nb3 Na5 8. Nd4 Nc6 9. Nb3 Na5 10. Nd4 Nc6 11. Nb3 Na5 1/2-1/2

[Event "KGZ-ch"]
[Site "Bishkek"]
[Date "2014.05.19"]
[Round "3"]
[White "Sapar, Emelbek"]
[Black "Markov, Mikhail2"]
[Result "1/2-1/2"]
[WhiteElo "2346"]
[BlackElo "2303"]
[PlyCount "25"]
[EventDate "2014.05.17"]
[EventType "tourn"]
[EventRounds "11"]
[EventCountry "KGZ"]
[SourceTitle "EXT 2016"]
[Source "ChessBase"]
[SourceDate "2015.10.08"]
[SourceVersion "1"]
[SourceVersionDate "2015.10.08"]
[SourceQuality "1"]

1. d4 Nf6 2. c4 e6 3. Nf3 d5 4. g3 Be7 5. Bg2 0-0 6. 0-0 b6 7. Nc3 Bb7 8. cxd5 Nxd5 9. Qc2 Nb4 10. Qb1 Nd5 11. Qc2 Nb4 12. Qb1 Nd5 13. Qc2 1/2-1/2

[Event "Alexander the Great op 5th"]
[Site "Porto Carras"]
[Date "2013.05.09"]
[Round "3"]
[White "Sapar, Emelbek"]
[Black "Tadic, Branko"]
[Result "1-0"]
[WhiteElo "2339"]
[BlackElo "2517"]
[PlyCount "53"]
[EventDate "2013.05.07"]
[EventType "swiss"]
[EventRounds "7"]
[EventCountry "GRE"]
[SourceTitle "CBM 154 Extra"]
[Source "ChessBase"]
[SourceDate "2013.06.25"]
[SourceVersion "2"]
[SourceVersionDate "2013.06.25"]
[SourceQuality "1"]

1. d4 d5 2. Nf3 c5 3. c4 e6 4. cxd5 exd5 5. g3 Nc6 6. Bg2 Nf6 7. 0-0 Be7 8. Nc3 0-0 9. Bg5 Bf5 10. Rc1 c4 11. Ne5 Rb8 12. Qd2 Be6 13. f4 Qc8 14. Bxf6 gxf6 15. Nxc6 bxc6 16. f5 Bxf5 17. e4 dxe4 18. Nxe4 Rd8 19. Qf2 Bg6 20. Nxf6+ Kg7 21. Rxc4 Qe6 22. Rxc6 Qxa2 23. Qf4 Rxb2 24. Be4 Qa4 25. Nh5+ Kh8 26. Qe5+ f6 27. Rcxf6 1-0

[Event "Alexander the Great op 5th"]
[Site "Porto Carras"]
[Date "2013.05.07"]
[Round "1"]
[White "Sapar, Emelbek"]
[Black "Yepez Duran, Julio Abrahan"]
[Result "1-0"]
[WhiteElo "2339"]
[BlackElo "1762"]
[PlyCount "45"]
[EventDate "2013.05.07"]
[EventType "swiss"]
[EventRounds "7"]
[EventCountry "GRE"]
[SourceTitle "CBM 154 Extra"]
[Source "ChessBase"]
[SourceDate "2013.06.25"]
[SourceVersion "2"]
[SourceVersionDate "2013.06.25"]
[SourceQuality "1"]

1. d4 Nf6 2. Nf3 g6 3. c4 Bg7 4. Nc3 d6 5. e4 0-0 6. Be2 Nbd7 7. 0-0 b6 8. h3 Bb7 9. e5 dxe5 10. dxe5 Ne8 11. e6 fxe6 12. Ng5 Rf6 13. Nce4 Bxe4 14. Nxe4 Rf7 15. Ng5 Rf6 16. Bg4 Nf8 17. Qe2 e5 18. Rd1 Rd6 19. Be3 Nf6 20. c5 Rxd1+ 21. Rxd1 Nd5 22. Ne6 Nf4 23. Bxf4 1-0

[Event "Central Asia Cup 2nd"]
[Site "Bishkek"]
[Date "2012.06.19"]
[Round "8"]
[White "Sapar, Emelbek"]
[Black "Akylbekov, Nasyr"]
[Result "1-0"]
[WhiteElo "2380"]
[BlackElo "2380"]
[PlyCount "143"]
[EventDate "2012.06.12"]
[EventType "swiss"]
[EventRounds "9"]
[EventCountry "KGZ"]
[SourceTitle "EXT 2013"]
[Source "ChessBase"]
[SourceDate "2012.11.22"]
[SourceVersion "1"]
[SourceVersionDate "2012.11.22"]
[SourceQuality "1"]

1. c4 Nf6 2. Nc3 c5 3. Nf3 b6 4. d4 cxd4 5. Nxd4 Bb7 6. f3 d6 7. e4 e6 8. Be3 Be7 9. Be2 0-0 10. 0-0 a6 11. Qd2 Qc7 12. Rfd1 Nbd7 13. Rac1 Rac8 14. Bf1 Qb8 15. Kh1 Rfd8 16. b4 Bf8 17. a3 d5 18. cxd5 exd5 19. exd5 Nxd5 20. Nxd5 Bxd5 21. Bxa6 Rxc1 22. Qxc1 Qa8 23. Be2 Rc8 24. Qa1 Ne5 25. Bf2 Nc4 26. Nb5 Be6 27. Bg3 Ne3 28. Rc1 Bc4 29. Bxc4 Rxc4 30. Bf2 Qc6 31. Bxe3 Rxc1+ 32. Qxc1 Qxb5 33. h3 h6 34. Qg1 Qa4 35. Bxb6 Qxa3 36. Bc5 Bxc5 37. Qxc5 h5 38. Kh2 g6 39. Qc8+ Kg7 40. Qc4 Qe3 41. b5 h4 42. Qb4 Qb6 43. Qc3+ Kg8 44. Qc6 Qb8+ 45. Kg1 Qe5 46. Kf2 Qd4+ 47. Ke2 Qa4 48. Kd3 Kh7 49. f4 Qd1+ 50. Kc4 Qf1+ 51. Kc5 Qf2+ 52. Kd6 Qxf4+ 53. Ke7 Kg7 54. b6 Qe3+ 55. Kd8 Qd3+ 56. Qd7 Qg3 57. Kc8 Qc3+ 58. Qc7 Qd3 59. b7 Qa6 60. Qc3+ Kg8 61. Kc7 Qa7 62. Qb4 Kg7 63. Qb6 Qa3 64. Qd4+ Kh7 65. b8Q Qe7+ 66. Kb6 Qe6+ 67. Qbd6 Qb3+ 68. Q4b4 Qe3+ 69. Qbc5 Qb3+ 70. Kc7 Qa4 71. Qdd4 Qa8 72. Qxh4+ 1-0

[Event "Central Asia Cup 2nd"]
[Site "Bishkek"]
[Date "2012.06.18"]
[Round "7"]
[White "Maznitsin, Andrei"]
[Black "Sapar, Emelbek"]
[Result "1/2-1/2"]
[WhiteElo "2220"]
[BlackElo "2380"]
[PlyCount "45"]
[EventDate "2012.06.12"]
[EventType "swiss"]
[EventRounds "9"]
[EventCountry "KGZ"]
[SourceTitle "EXT 2013"]
[Source "ChessBase"]
[SourceDate "2012.11.22"]
[SourceVersion "1"]
[SourceVersionDate "2012.11.22"]
[SourceQuality "1"]

1. c4 c5 2. Nf3 g6 3. d4 cxd4 4. Nxd4 Bg7 5. Nc3 Nc6 6. Nc2 Bxc3+ 7. bxc3 Qa5 8. Qd3 Nf6 9. e4 d6 10. Be2 Nxe4 11. Qxe4 Bf5 12. Qe3 Bxc2 13. 0-0 0-0 14. Bf3 Qe5 15. Qd2 Qf5 16. Re1 Rfe8 17. Bd5 Rac8 18. Re2 Ba4 19. Ba3 Ne5 20. c5 dxc5 21. Bxb7 Rcd8 22. Qe3 Nc4 23. Qxc5 1/2-1/2

[Event "Central Asia Cup 2nd"]
[Site "Bishkek"]
[Date "2012.06.15"]
[Round "4"]
[White "Sapar, Emelbek"]
[Black "Nakhbayeva, Guliskhan"]
[Result "1/2-1/2"]
[WhiteElo "2380"]
[BlackElo "2309"]
[PlyCount "37"]
[EventDate "2012.06.12"]
[EventType "swiss"]
[EventRounds "9"]
[EventCountry "KGZ"]
[SourceTitle "EXT 2013"]
[Source "ChessBase"]
[SourceDate "2012.11.22"]
[SourceVersion "1"]
[SourceVersionDate "2012.11.22"]
[SourceQuality "1"]

1. c4 e6 2. g3 Nf6 3. Bg2 d5 4. Nf3 dxc4 5. Qa4+ c6 6. Qxc4 b5 7. Qc2 Bb7 8. 0-0 Nbd7 9. Nc3 a6 10. d3 Be7 11. e4 c5 12. Rd1 0-0 13. Qe2 e5 14. Be3 Re8 15. Bh3 Bf8 16. Rac1 Qa5 17. Nd2 Rad8 18. f3 h6 19. Rc2 1/2-1/2

[Event "Central Asia Cup 2nd"]
[Site "Bishkek"]
[Date "2012.06.12"]
[Round "1"]
[White "Lim, Greta"]
[Black "Sapar, Emelbek"]
[Result "1/2-1/2"]
[WhiteElo "2070"]
[BlackElo "2380"]
[PlyCount "115"]
[EventDate "2012.06.12"]
[EventType "swiss"]
[EventRounds "9"]
[EventCountry "KGZ"]
[SourceTitle "EXT 2013"]
[Source "ChessBase"]
[SourceDate "2012.11.22"]
[SourceVersion "1"]
[SourceVersionDate "2012.11.22"]
[SourceQuality "1"]

1. d4 Nf6 2. c4 c5 3. Nf3 cxd4 4. Nxd4 e6 5. Nc3 a6 6. a3 b6 7. e4 d6 8. Be2 Bb7 9. f3 Nbd7 10. 0-0 Be7 11. Bg5 0-0 12. Qd2 Rc8 13. Rad1 Re8 14. b4 Qc7 15. Rc1 h6 16. Be3 Qb8 17. Nb3 Bd8 18. Rfd1 Bc7 19. Bf4 Ne5 20. Bxe5 dxe5 21. c5 b5 22. Qe3 Bc6 23. Ra1 Rcd8 24. Rxd8 Rxd8 25. Rd1 Re8 26. Rd2 Kh7 27. Bd3 g6 28. Kf2 Kg7 29. Ne2 Ng8 30. Bc2 Ne7 31. Bb1 f5 32. Rd1 Rd8 33. Rxd8 Qxd8 34. Qd2 Qf8 35. Kg1 Qf6 36. Qe3 g5 37. Nd2 f4 38. Qf2 Ng6 39. Nc3 h5 40. Qe2 Be8 41. a4 bxa4 42. Qxa6 g4 43. Qc8 Bd8 44. Qb7+ Kh6 45. Qb8 Qh4 46. Kf1 Qxh2 47. Qxd8 Qh1+ 48. Ke2 Qxg2+ 49. Kd3 g3 50. Qxe8 Qf2 51. c6 g2 52. c7 g1Q 53. c8Q Qd4+ 54. Kc2 Qgf2 55. Qxg6+ Kxg6 56. Qe8+ Kf6 57. Qf8+ Kg6 58. Qe8+ 1/2-1/2

[Event "Asian Continental op 11th"]
[Site "Ho Chi Minh City"]
[Date "2012.05.07"]
[Round "3"]
[White "Sapar, Emelbek"]
[Black "Dao, Thien Hai"]
[Result "0-1"]
[WhiteElo "2380"]
[BlackElo "2514"]
[PlyCount "114"]
[EventDate "2012.05.05"]
[EventType "swiss"]
[EventRounds "9"]
[EventCountry "VIE"]
[SourceTitle "CBM 148 Extra"]
[Source "ChessBase"]
[SourceDate "2012.06.22"]
[SourceVersion "1"]
[SourceVersionDate "2012.06.22"]
[SourceQuality "1"]

1. c4 e5 2. Nc3 Nc6 3. Nf3 Nf6 4. g3 Bc5 5. Nxe5 Bxf2+ 6. Kxf2 Nxe5 7. e4 c5 8. h3 d6 9. d3 0-0 10. Bg2 Be6 11. Kg1 a6 12. a4 Nfd7 13. Kh2 Nb8 14. Be3 Nbc6 15. b3 Qa5 16. Ne2 Bg4 17. Bd2 Bxe2 18. Qxe2 Qb6 19. Rab1 Nd4 20. Qe3 a5 21. Bc3 Nec6 22. Rb2 Rae8 23. Rf1 Qd8 24. g4 Qe7 25. Kh1 Qe5 26. Qe1 Ra8 27. Rf5 Qe7 28. Rf1 Rfe8 29. Rbf2 Rf8 30. Qd1 Ra6 31. Rb2 Rb6 32. Rb1 Re8 33. Rb2 h6 34. Be1 Qe5 35. Bc3 Qg5 36. Bd2 Qd8 37. Bc3 Re6 38. Rbf2 Re7 39. Rb2 Qd7 40. Be1 Re6 41. Bc3 Qe7 42. Be1 Rf6 43. Rxf6 Qxf6 44. Rf2 Qe7 45. Rb2 Qf6 46. Rf2 Qe5 47. Bc3 Qg3 48. Rb2 Ne5 49. Bxa5 Nef3 50. Bxf3 Nxf3 51. Qf1 Rxb3 52. Be1 Qe5 53. Rc2 Nxe1 54. Qxe1 Rxd3 55. Kg2 Rd4 56. Rb2 Rxe4 57. Qf2 Rxc4 0-1

[Event "KGZ-ch"]
[Site "Bishkek"]
[Date "2012.04.09"]
[Round "9"]
[White "Sapar, Emelbek"]
[Black "Abdyzhapar, Asylbek"]
[Result "1/2-1/2"]
[WhiteElo "2380"]
[BlackElo "2342"]
[PlyCount "26"]
[EventDate "2012.04.01"]
[EventType "swiss"]
[EventRounds "11"]
[EventCountry "KGZ"]
[SourceTitle "EXT 2013"]
[Source "ChessBase"]
[SourceDate "2012.11.22"]
[SourceVersion "1"]
[SourceVersionDate "2012.11.22"]
[SourceQuality "1"]

1. Nf3 Nf6 2. c4 e6 3. d4 b6 4. g3 Bb7 5. Bg2 Be7 6. 0-0 0-0 7. Nc3 Ne4 8. Nxe4 Bxe4 9. Ne1 Bxg2 10. Nxg2 d5 11. Qa4 Qd7 12. Qxd7 Nxd7 13. cxd5 exd5 1/2-1/2

[Event "KGZ-ch"]
[Site "Bishkek"]
[Date "2012.04.07"]
[Round "7"]
[White "Sapar, Emelbek"]
[Black "Tologontegin, Semetey"]
[Result "1-0"]
[WhiteElo "2380"]
[BlackElo "2310"]
[PlyCount "77"]
[EventDate "2012.04.01"]
[EventType "swiss"]
[EventRounds "11"]
[EventCountry "KGZ"]
[SourceTitle "EXT 2013"]
[Source "ChessBase"]
[SourceDate "2012.11.22"]
[SourceVersion "1"]
[SourceVersionDate "2012.11.22"]
[SourceQuality "1"]

1. Nf3 e6 2. g3 b6 3. Bg2 Bb7 4. 0-0 g6 5. c4 Bg7 6. Nc3 f5 7. d4 Nf6 8. d5 exd5 9. cxd5 0-0 10. Bf4 Na6 11. Rc1 Ne4 12. Nxe4 fxe4 13. Ng5 Bxb2 14. Qb3 Bf6 15. d6+ Kg7 16. Bxe4 c6 17. h4 Rb8 18. Be3 Qe8 19. Bf3 c5 20. Qa4 Qc8 21. Bxb7 Qxb7 22. Qg4 h5 23. Qh3 Rbe8 24. g4 hxg4 25. Qxg4 Rh8 26. Rc4 Nb4 27. Rf4 Nd5 28. Rf3 Qc6 29. Rg3 Qxd6 30. Ne4 Rxe4 31. Qxg6+ Kf8 32. Bh6+ Ke7 33. Qxe4+ Kd8 34. Bg5 Bxg5 35. hxg5 Nf4 36. Qa8+ Kc7 37. Qxh8 Nxe2+ 38. Kh2 Qf4 39. Qf6 1-0